000 00701cam a22002171 4500
001 sa 68018053
003 DLC
005 20260227112708.0
008 721109s1966 xx 000 0 ind
010 _asa 68018053
035 _a(OCoLC)491478
040 _aDLC
_cOAU
_dDLC
050 0 0 _aHC447
_b.S586
100 1 _aSoemardjan, Selo.
245 1 0 _aBeberapa aspek non-ekonomis dalam perentjanaan pembangunan ekonomi,
_coleh Selo Sumardjan.
260 _aDjakarta,
_bLembaga Ekonomi dan Kemasjarakatan Nasional,
_c1966.
300 _a24 l.
_c27 cm.
500 _aCover title.
651 0 _aIndonesia
_xEconomic policy.
610 1 0 _aJakarta (Indonesia).
_bLembaga Ekonomi dan Kemasjarakatan Nasional.
999 _c88144
_d88144